Vainqueurs de la coupe des villes de foires - Statistiques

Statistiques générales
  • Ce quiz a été pris 101 fois
  • Le résultat moyen est 3 sur 9
Statistiques - réponses
Hint Réponse % Correct
1958 | 1960 |1966 FC Barcelone
87%
1970 Arsenal
51%
1961 AS Rome
42%
1962 | 1963 Valence CF
37%
1968 | 1971 Leeds United
23%
1969 Newcastle United
23%
1967 Dinamo Zagreb
21%
1964 Real Saragosse
21%
1965 Ferencváros
20%
Aucun quiz correspondant
Distribution des résultats
% des personnes avec chaque résultat
Percentile par nombre de réponses
Votre historique - résultats
Vous n’avez pas pris ce quiz